[Event "DEM U18 2022"]
[Site "Willingen GER"]
[Date "2022.06.07"]
[Round "4"]
[White "Haack, Kevin"]
[Black "Weidemann, Jakob"]
[Result "1/2-1/2"]
[Termination "normal"]
[Board "7"]
[WhiteElo "2176"]
[BlackElo "2047"]
[WhiteClock "00:06:55"]
[BlackClock "00:04:48"]
[PlyCount "65"]
[WhiteFideId "16228715"]
[BlackFideId "16255470"]
[EventCountry "GER"]
[EventRounds "9"]
[EventType "swiss"]
[EventDate "2022.06.04"]

1. e4 {[%clk 1:30:54]} c5 {[%clk 1:30:52]} 2. Nf3 {[%clk 1:30:52]} d6 {[%clk
1:31:12]} 3. d4 {[%clk 1:31:17]} cxd4 {[%clk 1:31:33]} 4. Nxd4 {[%clk 1:31:38]}
Nf6 {[%clk 1:31:55]} 5. Nc3 {[%clk 1:32:05]} g6 {[%clk 1:32:13]} 6. Be3 {[%clk
1:32:16]} Bg7 {[%clk 1:32:33]} 7. f3 {[%clk 1:32:37]} O-O {[%clk 1:32:54]} 8.
Qd2 {[%clk 1:32:56]} Nc6 {[%clk 1:33:15]} 9. Bc4 {[%clk 1:33:10]} Bd7 {[%clk
1:33:30]} 10. h4 {[%clk 1:32:26]} Rc8 {[%clk 1:29:13]} 11. Bb3 {[%clk 1:32:42]}
h5 {[%clk 1:24:03]} 12. O-O-O {[%clk 1:29:58]} Ne5 {[%clk 1:22:04]} 13. Bg5
{[%clk 1:29:40]} Nc4 {[%clk 1:09:04]} 14. Qe2 {[%clk 1:30:05]} b5 {[%clk
1:01:42]} 15. Ndxb5 {[%clk 1:11:22]} Bxb5 {[%clk 1:01:27]} 16. Nxb5 {[%clk
1:11:45]} Nxb2 {[%clk 1:00:39]} 17. e5 {[%clk 0:58:53]} Nxd1 {[%clk 0:56:38]}
18. Rxd1 {[%clk 0:58:58]} Re8 {[%clk 0:50:29]} 19. exf6 {[%clk 0:37:31]} exf6
{[%clk 0:49:41]} 20. Qd3 {[%clk 0:37:22]} fxg5 {[%clk 0:39:13]} 21. Nxd6 {[%clk
0:37:46]} Qb6 {[%clk 0:08:03]} 22. Bxf7+ {[%clk 0:23:35]} Kf8 {[%clk 0:07:28]}
23. Bxe8 {[%clk 0:14:43]} Rxe8 {[%clk 0:05:31]} 24. Nc4 {[%clk 0:14:04]} Qf6
{[%clk 0:05:06]} 25. Qd6+ {[%clk 0:11:42]} Qxd6 {[%clk 0:05:26]} 26. Rxd6
{[%clk 0:10:21]} Bc3 {[%clk 0:05:33]} 27. hxg5 {[%clk 0:08:36]} Re2 {[%clk
0:04:14]} 28. Rd3 {[%clk 0:08:38]} Re1+ {[%clk 0:04:04]} 29. Rd1 {[%clk
0:09:06]} Re2 {[%clk 0:04:28]} 30. Rd3 {[%clk 0:07:48]} Re1+ {[%clk 0:04:50]}
31. Rd1 {[%clk 0:08:16]} Re2 {[%clk 0:04:57]} 32. g3 {[%clk 0:06:55]} Rg2
{[%clk 0:04:48]} 33. Nd6 1/2-1/2

[Event "DEM U18 2022"]
[Site "Willingen GER"]
[Date "2022.06.07"]
[Round "4"]
[White "Jeschke, Jan"]
[Black "Geltz, Noah"]
[Result "1-0"]
[Termination "normal"]
[Board "8"]
[WhiteElo "2125"]
[BlackElo "2156"]
[WhiteClock "00:14:38"]
[BlackClock "00:17:25"]
[PlyCount "113"]
[WhiteFideId "16225430"]
[BlackFideId "16224256"]
[EventCountry "GER"]
[EventRounds "9"]
[EventType "swiss"]
[EventDate "2022.06.04"]

1. e4 {[%clk 1:30:55]} c5 {[%clk 1:30:51]} 2. d4 {[%clk 1:31:04]} cxd4 {[%clk
1:31:10]} 3. c3 {[%clk 1:31:29]} Nf6 {[%clk 1:31:30]} 4. e5 {[%clk 1:31:43]}
Nd5 {[%clk 1:31:49]} 5. Nf3 {[%clk 1:31:58]} e6 {[%clk 1:31:42]} 6. Bc4 {[%clk
1:31:40]} d6 {[%clk 1:30:44]} 7. cxd4 {[%clk 1:31:50]} Be7 {[%clk 1:30:31]} 8.
O-O {[%clk 1:32:01]} O-O {[%clk 1:29:37]} 9. Qe2 {[%clk 1:31:02]} Nc6 {[%clk
1:29:28]} 10. Nc3 {[%clk 1:31:10]} Nxc3 {[%clk 1:29:23]} 11. bxc3 {[%clk
1:31:27]} dxe5 {[%clk 1:29:11]} 12. dxe5 {[%clk 1:31:44]} Qa5 {[%clk 1:28:47]}
13. Bd3 {[%clk 1:30:17]} Rd8 {[%clk 1:22:21]} 14. Bd2 {[%clk 1:28:02]} Bd7
{[%clk 1:09:24]} 15. Rfe1 {[%clk 1:21:30]} Be8 {[%clk 1:05:01]} 16. Qe4 {[%clk
1:10:49]} g6 {[%clk 1:04:55]} 17. Bc2 {[%clk 1:07:41]} Rac8 {[%clk 0:50:08]}
18. Rac1 {[%clk 0:59:24]} Qc5 {[%clk 0:40:42]} 19. Qg4 {[%clk 0:37:54]} Rd5
{[%clk 0:37:03]} 20. Qg3 {[%clk 0:12:48]} Qa5 {[%clk 0:23:23]} 21. Bb3 {[%clk
0:12:04]} Rd3 {[%clk 0:21:20]} 22. Bc4 {[%clk 0:10:44]} Rdd8 {[%clk 0:20:32]}
23. Bg5 {[%clk 0:10:22]} Qc5 {[%clk 0:16:38]} 24. Bf1 {[%clk 0:06:51]} Rd5
{[%clk 0:13:44]} 25. c4 {[%clk 0:05:47]} Rd7 {[%clk 0:13:29]} 26. Qh4 {[%clk
0:02:07]} Nd4 {[%clk 0:12:51]} 27. Nd2 {[%clk 0:00:38]} Nf5 {[%clk 0:09:08]}
28. Bxe7 {[%clk 0:00:52]} Nxh4 {[%clk 0:09:29]} 29. Bxc5 {[%clk 0:01:19]} Rxd2
{[%clk 0:09:50]} 30. Bxa7 {[%clk 0:01:08]} Rxa2 {[%clk 0:07:16]} 31. Ra1 {[%clk
0:00:58]} Rxa1 {[%clk 0:06:51]} 32. Rxa1 {[%clk 0:01:27]} Ra8 {[%clk 0:07:00]}
33. Bd4 {[%clk 0:01:51]} Rxa1 {[%clk 0:06:56]} 34. Bxa1 {[%clk 0:01:30]} Bc6
{[%clk 0:05:47]} 35. Bc3 {[%clk 0:00:39]} g5 {[%clk 0:04:39]} 36. f3 {[%clk
0:00:50]} Kg7 {[%clk 0:03:52]} 37. Kf2 {[%clk 0:01:14]} Ng6 {[%clk 0:03:28]}
38. g3 {[%clk 0:01:15]} h6 {[%clk 0:02:16]} 39. Ke3 {[%clk 0:01:21]} Kf8 {[%clk
0:00:43]} 40. Bd3 {[%clk 0:00:44]} Ke8 {[%clk 0:00:35]} 41. Be2 {[%clk
0:21:01]} Ne7 {[%clk 0:28:27]} 42. Kd4 {[%clk 0:18:17]} Nf5+ {[%clk 0:27:20]}
43. Kc5 {[%clk 0:18:41]} h5 {[%clk 0:25:27]} 44. Bd2 {[%clk 0:15:55]} h4 {[%clk
0:24:44]} 45. g4 {[%clk 0:15:57]} Ne7 {[%clk 0:24:14]} 46. Bxg5 {[%clk
0:15:54]} Ng6 {[%clk 0:23:43]} 47. Kd6 {[%clk 0:15:39]} h3 {[%clk 0:23:36]} 48.
f4 {[%clk 0:14:23]} Be4 {[%clk 0:23:50]} 49. c5 {[%clk 0:14:19]} Bc6 {[%clk
0:23:49]} 50. f5 {[%clk 0:14:29]} Nf8 {[%clk 0:23:23]} 51. Bf1 {[%clk 0:14:23]}
Nh7 {[%clk 0:21:48]} 52. Bh4 {[%clk 0:13:26]} exf5 {[%clk 0:17:23]} 53. gxf5
{[%clk 0:13:47]} Bg2 {[%clk 0:17:04]} 54. Bb5+ {[%clk 0:14:06]} Kf8 {[%clk
0:17:28]} 55. e6 {[%clk 0:14:19]} Bc6 {[%clk 0:17:02]} 56. Bxc6 {[%clk
0:14:16]} bxc6 {[%clk 0:17:25]} 57. Kd7 {[%clk 0:14:38]} 1-0

[Event "DEM U18 2022"]
[Site "Willingen GER"]
[Date "2022.06.07"]
[Round "4"]
[White "Leonard, Timo"]
[Black "Bornholdt, Joa Max"]
[Result "1/2-1/2"]
[Termination "normal"]
[Board "9"]
[WhiteElo "2018"]
[BlackElo "2132"]
[WhiteClock "00:05:02"]
[BlackClock "00:07:29"]
[PlyCount "117"]
[WhiteFideId "16208757"]
[BlackFideId "16253477"]
[EventCountry "GER"]
[EventRounds "9"]
[EventType "swiss"]
[EventDate "2022.06.04"]

1. d4 {[%clk 1:30:58]} d5 {[%clk 1:30:17]} 2. c4 {[%clk 1:31:24]} dxc4 {[%clk
1:30:22]} 3. e3 {[%clk 1:31:47]} Nf6 {[%clk 1:30:24]} 4. Bxc4 {[%clk 1:31:40]}
e6 {[%clk 1:30:26]} 5. Nf3 {[%clk 1:31:34]} a6 {[%clk 1:30:42]} 6. O-O {[%clk
1:30:43]} c5 {[%clk 1:31:02]} 7. Qe2 {[%clk 1:18:09]} b5 {[%clk 1:25:26]} 8.
Bd3 {[%clk 1:15:53]} Nc6 {[%clk 1:19:24]} 9. a4 {[%clk 1:07:30]} c4 {[%clk
1:17:09]} 10. Bc2 {[%clk 1:06:49]} Bb7 {[%clk 1:17:33]} 11. Nc3 {[%clk
0:43:04]} Qb6 {[%clk 1:11:53]} 12. axb5 {[%clk 0:42:21]} axb5 {[%clk 1:12:17]}
13. Rxa8+ {[%clk 0:42:48]} Bxa8 {[%clk 1:12:42]} 14. e4 {[%clk 0:39:35]} Nb4
{[%clk 0:59:11]} 15. Bb1 {[%clk 0:39:53]} Be7 {[%clk 0:59:06]} 16. Rd1 {[%clk
0:37:15]} Nd3 {[%clk 0:50:00]} 17. Bxd3 {[%clk 0:25:10]} cxd3 {[%clk 0:50:23]}
18. Qxd3 {[%clk 0:25:25]} b4 {[%clk 0:50:33]} 19. Na4 {[%clk 0:25:19]} Qa5
{[%clk 0:50:24]} 20. Nc5 {[%clk 0:25:24]} Bxc5 {[%clk 0:46:49]} 21. dxc5 {[%clk
0:25:51]} O-O {[%clk 0:46:27]} 22. e5 {[%clk 0:22:27]} Ne4 {[%clk 0:45:17]} 23.
Ng5 {[%clk 0:21:55]} Nxg5 {[%clk 0:44:29]} 24. Bxg5 {[%clk 0:22:21]} Qxc5
{[%clk 0:43:57]} 25. Qd6 {[%clk 0:17:26]} Qc6 {[%clk 0:31:19]} 26. Qxc6 {[%clk
0:17:52]} Bxc6 {[%clk 0:31:47]} 27. Be7 {[%clk 0:18:09]} Rc8 {[%clk 0:32:00]}
28. Bxb4 {[%clk 0:17:57]} Bd5 {[%clk 0:32:26]} 29. Bc3 {[%clk 0:18:05]} h5 30.
f3 {[%clk 0:18:04]} Kh7 {[%clk 0:31:36]} 31. Kf2 {[%clk 0:18:04]} Kg6 {[%clk
0:32:00]} 32. Ke3 {[%clk 0:18:25]} Kf5 {[%clk 0:29:47]} 33. Rd4 {[%clk
0:16:11]} Ra8 {[%clk 0:29:43]} 34. g4+ {[%clk 0:05:25]} hxg4 {[%clk 0:28:37]}
35. Rxg4 {[%clk 0:04:04]} g5 {[%clk 0:28:29]} 36. h4 {[%clk 0:03:13]} gxh4
{[%clk 0:28:21]} 37. Rxh4 {[%clk 0:03:37]} Kg6 {[%clk 0:25:23]} 38. Rg4+ {[%clk
0:04:03]} Kh6 {[%clk 0:24:41]} 39. Bb4 {[%clk 0:02:05]} Rb8 {[%clk 0:23:07]}
40. Bc3 {[%clk 0:01:02]} Ra8 {[%clk 0:22:04]} 41. Bd4 {[%clk 0:24:01]} Ra1
{[%clk 0:49:04]} 42. Bc5 {[%clk 0:21:52]} Kh5 {[%clk 0:34:47]} 43. Kf4 {[%clk
0:16:17]} Ra4+ {[%clk 0:29:12]} 44. b4 {[%clk 0:13:24]} Ra3 {[%clk 0:28:36]}
45. Rg3 {[%clk 0:12:19]} Rc3 {[%clk 0:28:13]} 46. Bf8 {[%clk 0:10:22]} Rc4+
{[%clk 0:27:31]} 47. Ke3 {[%clk 0:10:45]} Rc3+ {[%clk 0:22:45]} 48. Kd4 {[%clk
0:11:08]} Rc4+ {[%clk 0:18:13]} 49. Kd3 {[%clk 0:11:32]} Rc7 {[%clk 0:16:24]}
50. Bd6 {[%clk 0:10:43]} Rc6 {[%clk 0:13:35]} 51. Bc5 {[%clk 0:10:40]} Kh4
{[%clk 0:11:08]} 52. Rg4+ {[%clk 0:10:57]} Kh5 {[%clk 0:11:31]} 53. Ke3 {[%clk
0:10:15]} Ra6 {[%clk 0:10:18]} 54. Kf4 {[%clk 0:10:11]} Ra3 {[%clk 0:09:36]}
55. Rg5+ {[%clk 0:10:19]} Kh4 {[%clk 0:07:59]} 56. Bf2+ {[%clk 0:09:02]} Kh3
{[%clk 0:08:13]} 57. Rg3+ {[%clk 0:09:24]} Kh4 {[%clk 0:07:14]} 58. b5 {[%clk
0:06:15]} Rb3 {[%clk 0:07:29]} 59. Rg4+ {[%clk 0:05:02]} 1/2-1/2

[Event "DEM U18 2022"]
[Site "Willingen GER"]
[Date "2022.06.07"]
[Round "4"]
[White "Chen, Qingzhi Alexander"]
[Black "Müller, Magnus"]
[Result "0-1"]
[Termination "normal"]
[Board "11"]
[WhiteElo "1879"]
[BlackElo "2034"]
[WhiteClock "00:05:00"]
[BlackClock "00:08:58"]
[PlyCount "94"]
[WhiteFideId "16241959"]
[BlackFideId "16230060"]
[EventCountry "GER"]
[EventRounds "9"]
[EventType "swiss"]
[EventDate "2022.06.04"]

1. e4 {[%clk 1:30:57]} c5 {[%clk 1:30:33]} 2. Nf3 {[%clk 1:31:24]} e6 {[%clk
1:30:36]} 3. d4 {[%clk 1:31:52]} cxd4 {[%clk 1:31:00]} 4. Nxd4 {[%clk 1:32:20]}
Nf6 {[%clk 1:30:22]} 5. Nc3 {[%clk 1:32:45]} Nc6 {[%clk 1:30:47]} 6. a3 {[%clk
1:26:19]} d6 {[%clk 1:30:16]} 7. Be3 {[%clk 1:25:26]} a6 {[%clk 1:28:36]} 8.
Be2 {[%clk 1:20:20]} Be7 {[%clk 1:26:18]} 9. f4 {[%clk 1:18:47]} Qc7 {[%clk
1:22:38]} 10. g4 {[%clk 1:17:32]} h6 {[%clk 1:17:43]} 11. h4 {[%clk 1:17:53]}
b5 {[%clk 0:55:49]} 12. Bf3 {[%clk 1:09:00]} Bb7 {[%clk 0:55:46]} 13. g5 {[%clk
1:07:45]} hxg5 {[%clk 0:55:57]} 14. hxg5 {[%clk 1:08:11]} Rxh1+ {[%clk
0:56:19]} 15. Bxh1 {[%clk 1:08:35]} Nd7 {[%clk 0:55:34]} 16. f5 {[%clk
0:47:51]} Nxd4 {[%clk 0:51:19]} 17. Qxd4 {[%clk 0:48:02]} Ne5 {[%clk 0:51:24]}
18. O-O-O {[%clk 0:41:41]} O-O-O {[%clk 0:50:41]} 19. g6 {[%clk 0:35:16]} Bf6
{[%clk 0:48:45]} 20. gxf7 {[%clk 0:35:14]} Qxf7 {[%clk 0:46:26]} 21. fxe6
{[%clk 0:33:31]} Qxe6 {[%clk 0:44:23]} 22. Nd5 {[%clk 0:33:33]} Bxd5 {[%clk
0:40:31]} 23. exd5 {[%clk 0:27:03]} Qe7 {[%clk 0:40:12]} 24. c3 {[%clk
0:25:26]} Nc4 {[%clk 0:39:35]} 25. Qg4+ {[%clk 0:24:50]} Kb8 {[%clk 0:40:00]}
26. Bf2 {[%clk 0:20:20]} Rf8 {[%clk 0:32:52]} 27. Re1 {[%clk 0:18:44]} Be5
{[%clk 0:26:59]} 28. Bh4 {[%clk 0:17:36]} Qc7 {[%clk 0:26:39]} 29. Kb1 {[%clk
0:13:12]} Nxa3+ {[%clk 0:09:26]} 30. bxa3 {[%clk 0:10:10]} Qxc3 {[%clk
0:09:50]} 31. Rxe5 {[%clk 0:04:16]} Qb3+ {[%clk 0:09:51]} 32. Ka1 {[%clk
0:03:32]} Qxa3+ {[%clk 0:10:17]} 33. Kb1 {[%clk 0:03:58]} Qb3+ {[%clk 0:10:37]}
34. Ka1 {[%clk 0:04:13]} Qc3+ {[%clk 0:11:02]} 35. Ka2 {[%clk 0:04:02]} dxe5
{[%clk 0:07:17]} 36. Qe6 {[%clk 0:02:15]} Qc4+ {[%clk 0:06:18]} 37. Ka3 {[%clk
0:02:02]} b4+ {[%clk 0:06:27]} 38. Ka4 {[%clk 0:02:10]} Qa2+ {[%clk 0:06:42]}
39. Kxb4 {[%clk 0:02:31]} Rf4+ {[%clk 0:06:58]} 40. Kc5 {[%clk 0:02:37]} Qc4+
{[%clk 0:06:33]} 41. Kb6 {[%clk 0:02:26]} Qc7+ {[%clk 0:06:53]} 42. Kxa6 {[%clk
0:02:50]} Ra4+ {[%clk 0:07:16]} 43. Kb5 {[%clk 0:03:15]} Ra5+ {[%clk 0:07:41]}
44. Kb4 {[%clk 0:03:38]} Qc5+ {[%clk 0:08:07]} 45. Kb3 {[%clk 0:04:05]} Ra3+
{[%clk 0:08:32]} 46. Kb2 {[%clk 0:04:32]} Qc3+ {[%clk 0:08:58]} 47. Kb1 {[%clk
0:05:00]} Ra1# 0-1

[Event "DEM U18 2022"]
[Site "Willingen GER"]
[Date "2022.06.07"]
[Round "4"]
[White "Mankel, Luca"]
[Black "Zackrisson, Peter"]
[Result "0-1"]
[Termination "normal"]
[Board "12"]
[WhiteElo "2010"]
[BlackElo "2020"]
[WhiteClock "00:31:22"]
[BlackClock "00:05:50"]
[PlyCount "70"]
[WhiteFideId "16253876"]
[BlackFideId "16282078"]
[EventCountry "GER"]
[EventRounds "9"]
[EventType "swiss"]
[EventDate "2022.06.04"]

1. d4 {[%clk 1:30:58]} Nf6 {[%clk 1:30:53]} 2. c4 {[%clk 1:31:27]} g6 {[%clk
1:31:16]} 3. Nc3 {[%clk 1:31:53]} Bg7 {[%clk 1:31:40]} 4. e4 {[%clk 1:32:20]}
d6 {[%clk 1:32:04]} 5. Be2 {[%clk 1:32:47]} O-O {[%clk 1:31:59]} 6. Be3 {[%clk
1:33:09]} Nc6 {[%clk 1:29:43]} 7. Nf3 {[%clk 1:27:11]} Ng4 {[%clk 1:26:12]} 8.
Bg5 {[%clk 1:26:58]} h6 {[%clk 1:25:12]} 9. Bh4 {[%clk 1:27:11]} g5 {[%clk
1:23:45]} 10. Bg3 {[%clk 1:27:35]} e5 {[%clk 1:22:30]} 11. d5 {[%clk 1:26:56]}
Nd4 {[%clk 1:22:19]} 12. h4 {[%clk 1:25:48]} f5 {[%clk 1:19:43]} 13. hxg5
{[%clk 1:23:07]} hxg5 {[%clk 1:14:48]} 14. Nd2 {[%clk 1:07:59]} f4 {[%clk
0:58:54]} 15. Bh2 {[%clk 1:06:17]} Nf6 {[%clk 0:59:09]} 16. Nb3 {[%clk
1:04:37]} Re8 {[%clk 0:35:48]} 17. f3 {[%clk 1:00:43]} c5 {[%clk 0:35:37]} 18.
dxc6 {[%clk 0:54:19]} bxc6 {[%clk 0:34:42]} 19. c5 {[%clk 0:54:44]} Nxe2 {[%clk
0:32:40]} 20. Qxe2 {[%clk 0:54:30]} d5 {[%clk 0:32:13]} 21. O-O-O {[%clk
0:52:40]} Qe7 {[%clk 0:26:15]} 22. exd5 {[%clk 0:44:28]} cxd5 {[%clk 0:26:35]}
23. Nxd5 {[%clk 0:44:53]} Nxd5 {[%clk 0:26:56]} 24. Rxd5 {[%clk 0:45:19]} Be6
{[%clk 0:27:13]} 25. Rd2 {[%clk 0:44:38]} a5 {[%clk 0:26:40]} 26. Kb1 {[%clk
0:41:29]} Bf5+ {[%clk 0:25:08]} 27. Ka1 {[%clk 0:41:29]} a4 {[%clk 0:25:18]}
28. Nc1 {[%clk 0:40:48]} a3 {[%clk 0:25:17]} 29. Qc4+ {[%clk 0:37:57]} Kf8
{[%clk 0:24:39]} 30. Bg1 {[%clk 0:37:50]} Red8 {[%clk 0:19:58]} 31. Rd6 {[%clk
0:35:59]} Qc7 {[%clk 0:10:12]} 32. Qd5 {[%clk 0:32:46]} axb2+ {[%clk 0:05:22]}
33. Kxb2 {[%clk 0:33:08]} Rxd6 {[%clk 0:05:45]} 34. cxd6 {[%clk 0:30:53]} Qc2+
{[%clk 0:05:50]} 35. Ka1 {[%clk 0:31:22]} Qb1# 0-1

[Event "DEM U18 2022"]
[Site "Willingen GER"]
[Date "2022.06.08"]
[Round "5"]
[White "Fromm, Marius"]
[Black "Pubantz, Jan"]
[Result "1-0"]
[Termination "normal"]
[Board "1"]
[WhiteTitle "FM"]
[WhiteElo "2336"]
[BlackElo "2260"]
[WhiteClock "00:16:21"]
[BlackClock "00:01:12"]
[PlyCount "77"]
[WhiteFideId "12993190"]
[BlackFideId "12996114"]
[EventCountry "GER"]
[EventRounds "9"]
[EventType "swiss"]
[EventDate "2022.06.04"]

1. e4 {[%clk 1:30:59]} c6 {[%clk 1:30:57]} 2. d4 {[%clk 1:31:26]} d5 {[%clk
1:31:24]} 3. e5 {[%clk 1:31:52]} Bf5 {[%clk 1:31:50]} 4. h4 {[%clk 1:32:16]} h5
{[%clk 1:32:16]} 5. Bd3 {[%clk 1:32:40]} Bxd3 {[%clk 1:32:05]} 6. Qxd3 {[%clk
1:33:09]} Qa5+ {[%clk 1:31:37]} 7. Nd2 {[%clk 1:33:34]} e6 {[%clk 1:31:23]} 8.
Ngf3 {[%clk 1:33:58]} Nh6 {[%clk 1:30:16]} 9. O-O {[%clk 1:34:03]} Nf5 {[%clk
1:29:53]} 10. Nb3 {[%clk 1:34:20]} Qa6 {[%clk 1:28:52]} 11. Qd1 {[%clk
1:34:45]} b6 {[%clk 1:27:14]} 12. Bg5 {[%clk 1:33:54]} c5 {[%clk 1:19:38]} 13.
c3 {[%clk 1:31:10]} Nc6 {[%clk 1:15:37]} 14. Nc1 {[%clk 1:23:34]} Be7 {[%clk
1:06:32]} 15. Bxe7 {[%clk 1:23:09]} Ncxe7 {[%clk 1:02:09]} 16. Ne2 {[%clk
1:22:48]} Rc8 {[%clk 0:56:37]} 17. Re1 {[%clk 1:12:16]} cxd4 {[%clk 0:32:17]}
18. cxd4 {[%clk 1:12:42]} Qc4 {[%clk 0:27:43]} 19. Qd2 {[%clk 0:56:24]} Qc2
{[%clk 0:27:34]} 20. Qb4 {[%clk 0:41:16]} O-O {[%clk 0:26:59]} 21. Qa3 {[%clk
0:41:14]} Ng6 {[%clk 0:15:22]} 22. g3 {[%clk 0:37:55]} Nh6 {[%clk 0:10:27]} 23.
Rac1 {[%clk 0:29:04]} Qf5 {[%clk 0:10:26]} 24. Ng5 {[%clk 0:29:01]} Rc2 {[%clk
0:05:49]} 25. Rxc2 {[%clk 0:26:46]} Qxc2 {[%clk 0:06:15]} 26. Qf3 {[%clk
0:27:14]} Ng4 {[%clk 0:01:52]} 27. Rc1 {[%clk 0:23:31]} Qxb2 {[%clk 0:02:21]}
28. Rc7 {[%clk 0:22:38]} Qb1+ {[%clk 0:02:02]} 29. Kg2 {[%clk 0:22:48]} Nh8
{[%clk 0:01:56]} 30. Rxa7 {[%clk 0:20:11]} Qc2 {[%clk 0:01:52]} 31. Nf4 {[%clk
0:19:52]} g6 {[%clk 0:01:36]} 32. a4 {[%clk 0:18:46]} Qc4 {[%clk 0:00:48]} 33.
Nfxe6 {[%clk 0:15:24]} fxe6 {[%clk 0:00:34]} 34. Nxe6 {[%clk 0:15:24]} Ne3+
{[%clk 0:00:34]} 35. Qxe3 {[%clk 0:15:00]} Rf7 {[%clk 0:00:32]} 36. Ra8+ {[%clk
0:15:20]} Kh7 {[%clk 0:00:48]} 37. Rxh8+ {[%clk 0:15:30]} Kxh8 {[%clk 0:01:08]}
38. Qh6+ {[%clk 0:15:57]} Rh7 {[%clk 0:01:12]} 39. Qf8# {[%clk 0:16:21]} 1-0

[Event "DEM U18 2022"]
[Site "Willingen GER"]
[Date "2022.06.08"]
[Round "5"]
[White "Kölle, Tobias"]
[Black "von Mettenheim, Johannes"]
[Result "1/2-1/2"]
[Termination "normal"]
[Board "2"]
[WhiteTitle "FM"]
[WhiteElo "2443"]
[BlackElo "2219"]
[WhiteClock "00:17:11"]
[BlackClock "00:23:13"]
[PlyCount "169"]
[WhiteFideId "16207378"]
[BlackFideId "16244818"]
[EventCountry "GER"]
[EventRounds "9"]
[EventType "swiss"]
[EventDate "2022.06.04"]

1. d4 {[%clk 1:30:56]} Nf6 {[%clk 1:30:54]} 2. c4 {[%clk 1:31:20]} e6 {[%clk
1:31:20]} 3. Nf3 {[%clk 1:31:45]} Bb4+ {[%clk 1:31:45]} 4. Nbd2 {[%clk
1:32:02]} O-O {[%clk 1:32:04]} 5. a3 {[%clk 1:32:28]} Be7 {[%clk 1:32:31]} 6.
e4 {[%clk 1:32:54]} d5 {[%clk 1:32:53]} 7. e5 {[%clk 1:32:47]} Nfd7 {[%clk
1:33:19]} 8. Bd3 {[%clk 1:32:54]} c5 {[%clk 1:33:32]} 9. h4 {[%clk 1:33:20]} g6
{[%clk 1:33:31]} 10. O-O {[%clk 1:33:44]} cxd4 {[%clk 1:32:46]} 11. cxd5 {[%clk
1:29:59]} exd5 {[%clk 1:25:51]} 12. Nb3 {[%clk 1:29:54]} Nc6 {[%clk 1:24:54]}
13. Re1 {[%clk 1:24:50]} Re8 {[%clk 1:10:03]} 14. h5 {[%clk 1:21:12]} Nf8
{[%clk 1:07:35]} 15. Nfxd4 {[%clk 1:20:26]} Nxd4 {[%clk 1:03:45]} 16. Nxd4
{[%clk 1:18:34]} Bc5 {[%clk 1:04:10]} 17. Bb5 {[%clk 1:01:32]} Bd7 {[%clk
1:04:10]} 18. Bxd7 {[%clk 1:01:34]} Qxd7 {[%clk 1:04:22]} 19. h6 {[%clk
0:52:52]} Rac8 {[%clk 0:45:42]} 20. Nf3 {[%clk 0:48:11]} d4 {[%clk 0:44:21]}
21. Bg5 {[%clk 0:40:30]} Qg4 {[%clk 0:42:30]} 22. Qd3 {[%clk 0:32:57]} Ne6
{[%clk 0:42:20]} 23. Re4 {[%clk 0:31:05]} Qf5 {[%clk 0:42:44]} 24. g4 {[%clk
0:31:03]} Qxf3 {[%clk 0:43:02]} 25. Qxf3 {[%clk 0:31:25]} Nxg5 {[%clk 0:43:21]}
26. Qd3 {[%clk 0:29:47]} Nxe4 {[%clk 0:41:39]} 27. Qxe4 {[%clk 0:28:59]} Bd6
{[%clk 0:41:09]} 28. Qxd4 {[%clk 0:22:37]} Bxe5 {[%clk 0:41:33]} 29. Qxa7
{[%clk 0:22:57]} Bxb2 {[%clk 0:41:48]} 30. Rb1 {[%clk 0:21:12]} Ra8 {[%clk
0:38:45]} 31. Qb6 {[%clk 0:21:00]} Bh8 {[%clk 0:32:58]} 32. Rb3 {[%clk
0:19:08]} Ra4 {[%clk 0:24:16]} 33. Rg3 {[%clk 0:16:22]} Rf4 {[%clk 0:19:56]}
34. Qxb7 {[%clk 0:09:35]} Bd4 {[%clk 0:19:52]} 35. Rf3 {[%clk 0:09:39]} Rxg4+
{[%clk 0:19:49]} 36. Kf1 {[%clk 0:10:03]} Rf8 {[%clk 0:10:16]} 37. a4 {[%clk
0:09:39]} Rh4 {[%clk 0:08:59]} 38. Qd5 {[%clk 0:09:35]} Bb6 {[%clk 0:06:33]}
39. Qb3 {[%clk 0:06:26]} Ba7 {[%clk 0:04:16]} 40. a5 {[%clk 0:01:39]} Rxh6
{[%clk 0:04:30]} 41. Qb7 {[%clk 0:01:53]} Bc5 {[%clk 0:04:28]} 42. Rc3 {[%clk
0:00:56]} Rh5 {[%clk 0:03:15]} 43. a6 {[%clk 0:30:00]} Rf5 {[%clk 0:32:24]} 44.
Rc2 {[%clk 0:27:40]} Bd4 {[%clk 0:30:32]} 45. Qd7 {[%clk 0:25:43]} Bb6 {[%clk
0:29:47]} 46. Qb7 {[%clk 0:23:48]} Bd4 {[%clk 0:30:08]} 47. Ra2 {[%clk
0:23:47]} Be3 {[%clk 0:19:43]} 48. a7 {[%clk 0:22:04]} Bxa7 {[%clk 0:20:09]}
49. Rxa7 {[%clk 0:22:25]} Re8 {[%clk 0:20:31]} 50. Qc7 {[%clk 0:22:00]} Kg7
{[%clk 0:20:26]} 51. Qc3+ {[%clk 0:22:09]} Kg8 {[%clk 0:20:40]} 52. Qd4 {[%clk
0:22:18]} Rfe5 {[%clk 0:12:27]} 53. Rd7 {[%clk 0:21:24]} Re1+ {[%clk 0:12:26]}
54. Kg2 {[%clk 0:21:53]} R1e5 {[%clk 0:12:37]} 55. Rd8 {[%clk 0:17:05]} Rxd8
{[%clk 0:12:25]} 56. Qxd8+ {[%clk 0:17:30]} Kg7 {[%clk 0:12:50]} 57. Qd4 {[%clk
0:17:56]} f6 {[%clk 0:13:18]} 58. Qd7+ {[%clk 0:18:23]} Kg8 {[%clk 0:13:32]}
59. Kf3 {[%clk 0:18:43]} Rf5+ {[%clk 0:13:35]} 60. Ke3 {[%clk 0:19:08]} Re5+
{[%clk 0:13:59]} 61. Kd3 {[%clk 0:18:47]} Rf5 {[%clk 0:14:21]} 62. Qb7 {[%clk
0:17:46]} Rh5 {[%clk 0:14:40]} 63. Qe7 {[%clk 0:17:00]} Rd5+ {[%clk 0:15:02]}
64. Kc3 {[%clk 0:17:01]} Rf5 {[%clk 0:15:27]} 65. f4 {[%clk 0:16:26]} Rh5
{[%clk 0:15:52]} 66. Kd4 {[%clk 0:16:32]} Rf5 {[%clk 0:16:17]} 67. Ke4 {[%clk
0:16:52]} Rh5 {[%clk 0:16:37]} 68. Kf3 {[%clk 0:16:18]} Rf5 {[%clk 0:17:00]}
69. Kg4 {[%clk 0:15:52]} Rh5 {[%clk 0:17:24]} 70. Qa7 {[%clk 0:15:31]} Rf5
{[%clk 0:17:49]} 71. Qa6 {[%clk 0:15:55]} Kg7 {[%clk 0:18:14]} 72. Qe6 {[%clk
0:15:55]} Rh5 {[%clk 0:18:38]} 73. Qe7+ {[%clk 0:14:54]} Kg8 {[%clk 0:19:02]}
74. Qxf6 {[%clk 0:15:20]} Rf5 {[%clk 0:19:27]} 75. Qd8+ {[%clk 0:15:33]} Kg7
{[%clk 0:19:51]} 76. Qe8 {[%clk 0:15:33]} Rh5 {[%clk 0:20:12]} 77. Kf3 {[%clk
0:15:59]} Rf5 {[%clk 0:20:34]} 78. Ke4 {[%clk 0:16:19]} Rh5 {[%clk 0:20:55]}
79. Kd4 {[%clk 0:16:43]} Rf5 {[%clk 0:21:19]} 80. Qa8 {[%clk 0:16:55]} Rh5
{[%clk 0:21:44]} 81. Qa1 {[%clk 0:16:45]} Kg8 {[%clk 0:22:07]} 82. Qb1 {[%clk
0:16:46]} Rf5 {[%clk 0:22:29]} 83. Qe1 {[%clk 0:16:58]} Kg7 {[%clk 0:22:54]}
84. Qa1 {[%clk 0:16:50]} Kg8 {[%clk 0:23:13]} 85. Qa8+ {[%clk 0:17:11]} 1/2-1/2